| 000 | 00725nam a22002417a 4500 | ||
|---|---|---|---|
| 003 | dpl | ||
| 005 | 20180702113022.0 | ||
| 008 | 180702b xxu||||| |||| 00| 0 eng d | ||
| 010 | _aB-122227 | ||
| 020 | _c150.00 | ||
| 035 | _aB-122227 | ||
| 037 | _bBPPD/PUB | ||
| 040 |
_aDPL _bEN _c0 |
||
| 082 |
_a780.92 _bALI |
||
| 100 | _aMathur, Ramlal | ||
| 245 |
_aUstad Ali Akbar khan : _cby Ramlal Mathur _bMy guru : My training / |
||
| 260 |
_bMaharaja Mansingh Pustak Prakash Researcch Center _aJodhpur _c2004 |
||
| 270 |
_aFort, Jodhpur _bJodhpur |
||
| 300 |
_a112p. _c23cm(Hb) _bill. |
||
| 650 |
_aManagement _93072 |
||
| 650 |
_aManagement audit in Hospitals _928014 |
||
| 942 |
_2ddc _cEN _h780.92 _mALI |
||
| 999 |
_c153256 _d153256 |
||